<?xml version="1.0" encoding="UTF-8"?>
<record
    xmlns:xsi="http://www.w3.org/2001/XMLSchema-instance"
    xsi:schemaLocation="http://www.loc.gov/MARC21/slim http://www.loc.gov/standards/marcxml/schema/MARC21slim.xsd"
    xmlns="http://www.loc.gov/MARC21/slim">

  <leader>00601cam a2200169   4500</leader>
  <controlfield tag="005">20210430120032.0</controlfield>
  <controlfield tag="008">210430b        mx ||||| |||| 00| 0 spa d</controlfield>
  <datafield tag="050" ind1="0" ind2="4">
    <subfield code="a">JL1265</subfield>
    <subfield code="b">C36 2000</subfield>
  </datafield>
  <datafield tag="245" ind1="0" ind2="3">
    <subfield code="a">La C&#xE1;mara de diputados en la LVII legislatura </subfield>
    <subfield code="c">/ Francisco Jos&#xE9; Paoli Bolio coordinador</subfield>
  </datafield>
  <datafield tag="250" ind1=" " ind2=" ">
    <subfield code="a">1a. ed.</subfield>
  </datafield>
  <datafield tag="260" ind1=" " ind2=" ">
    <subfield code="a">M&#xE9;xico :</subfield>
    <subfield code="b">C&#xE1;mara de diputados,</subfield>
    <subfield code="c">2000</subfield>
  </datafield>
  <datafield tag="300" ind1=" " ind2=" ">
    <subfield code="a">358 p. :</subfield>
    <subfield code="b">il. ;</subfield>
    <subfield code="c">23 cm.</subfield>
  </datafield>
  <datafield tag="650" ind1=" " ind2="7">
    <subfield code="2">lemb</subfield>
    <subfield code="a">C&#xE1;mara de diputados </subfield>
    <subfield code="x">Actividades </subfield>
    <subfield code="z">M&#xE9;xico </subfield>
  </datafield>
  <datafield tag="650" ind1=" " ind2="7">
    <subfield code="2">lemb</subfield>
    <subfield code="a">C&#xE1;mara de diputados </subfield>
    <subfield code="z">M&#xE9;xico </subfield>
  </datafield>
  <datafield tag="700" ind1="1" ind2=" ">
    <subfield code="a">Paoli Bolio, Francisco Jos&#xE9;</subfield>
    <subfield code="e">coordinador</subfield>
  </datafield>
  <datafield tag="942" ind1=" " ind2=" ">
    <subfield code="2">lcc</subfield>
    <subfield code="c">LIB</subfield>
  </datafield>
  <datafield tag="999" ind1=" " ind2=" ">
    <subfield code="c">98537</subfield>
    <subfield code="d">98537</subfield>
  </datafield>
  <datafield tag="952" ind1=" " ind2=" ">
    <subfield code="1">0</subfield>
    <subfield code="2">lcc</subfield>
    <subfield code="4">0</subfield>
    <subfield code="7">0</subfield>
    <subfield code="a">LIC-002</subfield>
    <subfield code="b">LIC-002</subfield>
    <subfield code="c">GENERAL</subfield>
    <subfield code="d">2021-04-30</subfield>
    <subfield code="f">1a ed.</subfield>
    <subfield code="i">D</subfield>
    <subfield code="k">CSA</subfield>
    <subfield code="l">0</subfield>
    <subfield code="o">JL1265 C36 2000</subfield>
    <subfield code="p">BFD000012398</subfield>
    <subfield code="r">2021-04-30 00:00:00</subfield>
    <subfield code="t">1</subfield>
    <subfield code="v">1.00</subfield>
    <subfield code="y">LIB</subfield>
  </datafield>
</record>
